City's in The Netherlands - Sudden Death - Statistics

General Stats
  • This quiz has been taken 36 times
  • The average score is 5 of 16
Answers on the Grid
Answers color-coded by a green-red scale on the quiz's grid according to % correct below.
Amsterdam
Maarre
Ahrnem
Vechtendam
Sneek
Vlierzee
Kletterdam
Beverwijk
Bergen
Rotterdam
Mijdrecht
Eldendorp
Hilversum
Zanderoord
Koekange
Brezerwaard
Middelveen
Oss
Gouda
Witsluis
Klapwijk
Zandvoort
Groenloo
Tolreede
Hollum
De Koog
Berkdam
Raalte
Rijnvoorde
Venray
 
Answer Stats
Answer % Correct
Amsterdam
100%
Rotterdam
77%
Ahrnem
47%
Gouda
47%
Hilversum
43%
Zandvoort
40%
Beverwijk
33%
Oss
33%
Sneek
30%
Bergen
27%
Mijdrecht
23%
Venray
17%
De Koog
10%
Raalte
10%
Hollum
7%
Koekange
0%
No matching quizzes found
Score Distribution
Percent of People with Each Score
Percentile by Number Answered
Your Score History
You have not taken this quiz